000 00692cam a2200229 a 4500
001 16998338
005 20180312103842.0
008 111013s2011 mauab b 001 0 eng
010 _a 2011041831
020 _a9781449601911
040 _aDLC
_cDLC
041 _aeng
080 _a551.46 PIN
082 0 0 _a551.46 PIN
_223
100 1 _a41
101 _aGJEO
245 1 0 _aInvitation to oceanography /
_cPaul R. Pinet.
504 _aIncludes bibliographical references and index.
906 _a7
_bcbc
_corignew
_d1
_eecip
_f20
_gy-gencatlg
942 _2ddc
_cBK
999 _c44798
_d44798